000
00249nam a2200097Ia 4500
001
1207548
005
20250827022828.0
008
250824s9999 xx 000 0 und d
245
0
_a
ÇAĞDAŞ KIRGIZ ÖYKÜSÜ
_c
HÜSEYİN SU
260
_b
HECE YAYINLARI
999
_c
1207548
_d
1207548